000 00498nmm a2200169Ia 4500
008 251105s9999||||xx |||||||||||||||||und||
041 _aspa
100 _aNel·lo Andreu, Marta
245 0 _aEcoturismo
264 _a[Madrid, España] :
_bUniversitat Oberta de Catalunya,
_c2016
300 _a96 páginas
650 _aEnvironmental Sciences
700 _aNel·lo Andreu, Marta
700 1 _a Llanes Cañedo, Claudia
856 _uhttps://public.digitaliapublishing.com/a/43938
942 _cCF
999 _c69315
_d69315